000 00273nam a22001217a 4500
040 _cSK
082 _a813
100 _aDUK CHHENG
245 _aកោសិកា និងជាលិកាវិទ្យា
260 _aRUA
_bDUK
_c2015
300 _a63p.
942 _cKB
999 _c10833
_d10833